Super Homem (Registo nº 200393)

Detalhes MARC
000 -Etiqueta do registo
Valores 00636nam 22002293 4500
010 ## - Número ISBN
ISBN 989-559-036-9
021 ## - Número do Depósito Legal
Código do país Portugal
Número 199959/03
100 ## - Dados gerais de processamento
Dados gerais 20260204d u||y0pory50 ba
200 ## - Titulo e menção de responsabilidade
Título próprio Super Homem
Primeira menção de responsabilidade Jerry Siegel e Joe Shuster
210 ## - Publicação
Local de publicação [S.l.]
Nome do editor Edições Devir
Data de publicação D.L. 2003
215 ## - Descrição física 
Paginação / Volumes 206 p.
Outras indicações físicas il. ; brochado
Dimensões 21 cm
225 ## - Colecção 
Título próprio da colecção Os clássicos da Banda Desenhada
Número de parte ou secção 6
606 ## - Nome comum usado como assunto
ID Autoridade 1586
Palavra de ordem Desenho Artístico
610 ## - Termos não controlados
Palavra de ordem Banda Desenhada
675 ## - CDU
Notação 74
Edição PT
Língua por
700 ## - Autor principal (pessoa individual)
ID Autoridade 16199
Apelido Siegel
Nome Jerry
701 ## - Co-autor principal (pessoa individual)
ID Autoridade 16200
Apelido Shuster
Nome Joe
801 ## - Fonte de origem
País PT
Agência BMMN
Regras de catalogação RPC
830 ## - Notas gerais do catalogador
Criado por Isabel
990 ## - Elementos KOHA
Tipo de documento Livro
Exemplares
Situação do levantamento Biblioteca de origem Código de barras Cota Permissão de empréstimo Tipo de documento Forma de aquisição
  Biblioteca Municipal de Montemor-o-Novo 29554 74 SIE|AJ   Livro Oferta

Powered by Koha